| 000 | 01501cam a22001934a 4500 | ||
|---|---|---|---|
| 005 | 20250605164335.0 | ||
| 008 | 250528s ||||||||||||||||||||||||d | ||
| 035 | _a23400 | ||
| 040 |
_aGR-AtMCL _bgre _dGR-AtMCL _eAACR2 |
||
| 245 | 1 | _aHow Experienced Therapists Experience Their Personal Therapy and Evaluate Its' Impact in Their Clinical Practice/MSc Integrative Counselling and Psychotherapy: Individual Research Project | |
| 260 | _c2019 | ||
| 300 | _a102 | ||
| 520 | _aAbstract, Introduction, Personal motivation, Aims and Objectives, Research Questions, Rational for the Current Research, Literature Review, History on Therapists' Personal Therapy/ Position of Theoretical Approaches, Prevalence of Personal Therapy, Why Therapists Go to Therapy or Not, Positive and Negative Experiences of Therapists of Their Personal Therapy, Impact of Therapist's Personal Therapy in Clinical Practice, Therapist's Therapy and Client Outcome, Methodology, Design, Epistemology, A Qualitative Approach, Interpretative Phenomenological Analysis, Reflexivity, Method, Participants, Procedure, Collection of Data, Ethics, Analytic Strategy, Personal Therapy as a Means for Personal Growth, Personal Therapy as a Means for Professional Growth, The Therapist's Personal Therapy has an Impact on the Client's Progress, Discussion, Summary and Conclusion, References, Appendices. | ||
| 700 | 1 |
_aBoura Eugenia _98968 |
|
| 700 | 1 |
_aFeridou Chrysoula _98969 |
|
| 942 | _cDS | ||
| 999 |
_c8423 _d8423 |
||